[Event "Fagernes International 2022"]
[Site "Fagernes"]
[Date "2022.04.11"]
[Round "2.15"]
[White "Paulien, Pascal"]
[Black "Albrigtsen, Tord"]
[Result "1/2-1/2"]
[WhiteElo "1815"]
[BlackElo "1300"]
[Annotator "NA RC"]
[PlyCount "93"]
[EventDate "2022.04.10"]
[EventCountry "NOR"]
[SourceTitle "playchess.com"]
[Source "ChessBase"]
[SourceQuality "1"]

1. d4 {[%emt 0:00:03]} d5 {[%emt 0:00:15]} 2. Bf4 {[%emt 0:00:08]} Nf6 {[%emt 0:00:17]} 3. Nf3 {[%emt 0:00:16]} Bf5 {[%emt 0:00:10]} 4. e3 {[%emt 0:00:19]} e6 {[%emt 0:00:27]} 5. Bd3 {[%emt 0:01:22]} Bg4 {[%emt 0:03:04]} 6. Nbd2 {[%emt 0:01:38]} Bd6 {[%emt 0:00:19]} 7. c3 {[%emt 0:00:40]} Bxf4 {[%emt 0:01:55]} 8. exf4 {[%emt 0:00:15]} Nc6 {[%emt 0:01:02]} 9. Qb3 {[%emt 0:00:59]} Rb8 {[%emt 0:03:51]} 10. Bb5 {[%emt 0:06:03]} a6 {[%emt 0:07:32]} 11. Bxc6+ {[%emt 0:04:09]} bxc6 {[%emt 0:00:08]} 12. Qa4 {[%emt 0:01:26]} Rxb2 {[%emt 0:04:42]} 13. Qxc6+ {[%emt 0:01:13]} Qd7 {[%emt 0:00:23]} 14. Qxa6 {[%emt 0:01:44]} O-O {[%emt 0:00:47]} 15. O-O {[%emt 0:00:49]} Bxf3 {[%emt 0:00:54]} 16. Nxf3 {[%emt 0:00:38]} Ne4 {[%emt 0:01:32]} 17. Rac1 $15 {[%emt 0:23:58]} ({White should play} 17. Rab1 $11 Rxb1 18. Rxb1) 17... Qd6 {[%emt 0:05:48]} 18. Qd3 {[%emt 0:06:42]} Qxf4 {[%emt 0:05:38]} 19. Rc2 {[%emt 0:06:22]} Rxc2 {[%emt 0:07:48]} 20. Qxc2 {[%emt 0:01:21]} c5 {[%emt 0:00:16]} 21. c4 {[%emt 0:09:03]} dxc4 {[%emt 0:06:14]} 22. Qxc4 {[%emt 0:01:14]} cxd4 {[%emt 0:00:17]} 23. Qxd4 {[%emt 0:01:04]} Qf5 {[%emt 0:02:51]} 24. a4 {[%emt 0:01:31]} Qd5 {[%emt 0:04:21]} 25. Qb4 {[%emt 0:02:08]} f5 {[%emt 0:05:55]} 26. Rc1 {[%emt 0:03:02]} Rd8 {[%emt 0:04:59]} 27. h3 {[%emt 0:00:59]} Qd6 {[%emt 0:01:39]} 28. Qb5 {[%emt 0:04:31]} Rb8 {[%emt 0:04:09]} 29. Qc4 {[%emt 0:00:54]} Kf7 {[%emt 0:05:08]} 30. Qc2 {[%emt 0:11:56]} Ra8 {[%emt 0:06:41]} 31. Rd1 {[%emt 0:01:49]} Qc5 {[%emt 0:02:02]} 32. Qb2 {[%emt 0:06:01]} Qxf2+ {[%emt 0:12:13]} 33. Qxf2 {[%emt 0:00:39]} Nxf2 {[%emt 0:00:08]} 34. Kxf2 {[%emt 0:00:13]} Rxa4 {[%emt 0:00:08]} 35. Rd6 {[%emt 0:01:21]} Ke7 {[%emt 0:01:30]} 36. Rb6 {[%emt 0:00:12]} h6 {[%emt 0:01:01]} 37. Kg3 {[%emt 0:01:12]} g5 {[%emt 0:00:44]} 38. Rb8 {[%emt 0:00:46]} Kf6 {[%emt 0:00:42]} 39. Rf8+ {[%emt 0:02:52]} Kg7 {[%emt 0:00:37]} 40. Rc8 {[%emt 0:02:46]} Kf6 {[%emt 0:01:18]} 41. Rc5 {[%emt 0:01:28]} Ra3 {[%emt 0:01:38]} 42. Rc6 {[%emt 0:02:17]} h5 {[%emt 0:01:47]} 43. Kf2 {[%emt 0:05:24]} Ra2+ {[%emt 0:00:32]} 44. Kf1 {[%emt 0:01:39]} Ra1+ {[%emt 0:00:16]} 45. Kf2 {[%emt 0:00:09]} Ra2+ {[%emt 0:00:07]} 46. Kf1 {[%emt 0:01:14]} Ra1+ {[%emt 0:00:08]} 47. Kf2 {[%emt 0:00:07]} 1/2-1/2

[Event "Fagernes International 2022"]
[Site "Fagernes"]
[Date "2022.04.11"]
[Round "2.16"]
[White "Bollestad, Leiv Ove"]
[Black "Flatebo, Hallvard Haug"]
[Result "0-1"]
[WhiteElo "1302"]
[BlackElo "1886"]
[Annotator "NA RC"]
[PlyCount "96"]
[EventDate "2022.04.10"]
[EventCountry "NOR"]
[SourceTitle "playchess.com"]
[Source "ChessBase"]
[SourceQuality "1"]

1. e4 {[%emt 0:00:05]} c5 {[%emt 0:00:08]} 2. Nf3 {[%emt 0:00:11]} e6 {[%emt 0:00:06]} 3. Nc3 {[%emt 0:00:54]} a6 {[%emt 0:00:08]} 4. d4 {[%emt 0:00:17]} cxd4 {[%emt 0:00:06]} 5. Nxd4 {[%emt 0:00:10]} Qc7 {[%emt 0:00:07]} 6. g3 {[%emt 0:01:52]} Bb4 {[%emt 0:00:44]} 7. Bd2 {[%emt 0:00:15]} Nf6 {[%emt 0:02:18]} 8. Bg2 {[%emt 0:01:09]} O-O {[%emt 0:01:29]} 9. O-O {[%emt 0:00:43]} Be7 {[%emt 0:04:42]} 10. Re1 {[%emt 0:08:19]} d6 {[%emt 0:00:18]} 11. Bg5 {[%emt 0:08:40]} Nbd7 {[%emt 0:05:16]} 12. Qe2 {[%emt 0:04:00]} Rb8 {[%emt 0:06:15]} 13. a4 {[%emt 0:05:59]} h6 {[%emt 0:05:48]} 14. Be3 {[%emt 0:06:28]} Ne5 {[%emt 0:02:17]} 15. Nf3 {[%emt 0:06:57]} Bd7 {[%emt 0:10:14]} 16. Nxe5 {[%emt 0:03:02]} dxe5 {[%emt 0:00:07]} 17. a5 {[%emt 0:00:46]} (17. Red1 $11 {might be stronger.}) 17... Bb4 {[%emt 0:01:43]} 18. Bb6 {[%emt 0:03:46]} Qc6 {[%emt 0:01:09]} 19. Qd3 {[%emt 0:00:28]} Rbc8 {[%emt 0:09:48]} 20. Re3 Bc5 {[%emt 0:04:02]} 21. Bxc5 {[%emt 0:05:07]} Qxc5 {[%emt 0:00:06]} 22. Qe2 {[%emt 0:02:18]} Bc6 {[%emt 0:01:06]} 23. Rd3 {[%emt 0:04:44]} Rb8 {[%emt 0:08:29]} 24. b3 {[%emt 0:02:42]} Rfd8 {[%emt 0:03:35]} 25. Rxd8+ {[%emt 0:03:16]} Rxd8 {[%emt 0:00:08]} 26. Qe1 {[%emt 0:00:27]} Ng4 {[%emt 0:02:43]} 27. Bf3 {[%emt 0:03:02]} Nf6 {[%emt 0:05:27]} (27... h5 $17 28. Kg2 f5) 28. Be2 {[%emt 0:02:11]} Nxe4 {[%emt 0:07:38]} 29. Nxe4 {[%emt 0:00:22]} Bxe4 {[%emt 0:00:11]} 30. b4 {[%emt 0:00:17]} Qxc2 {[%emt 0:01:17]} 31. Rc1 {[%emt 0:00:12]} Qd2 {[%emt 0:00:25]} 32. Kf1 {[%emt 0:03:51]} Qxe1+ {[%emt 0:00:33]} 33. Kxe1 {[%emt 0:00:20]} Rd4 {[%emt 0:01:38]} 34. Rc5 {[%emt 0:02:45]} (34. b5 {was necessary.}) 34... Rxb4 $19 {[%emt 0:00:43]} 35. Rxe5 {[%emt 0:00:09]} Bd5 {[%emt 0:00:17]} 36. Re3 {[%emt 0:01:26]} Ra4 {[%emt 0:00:59]} 37. Rc3 {[%emt 0:00:34]} Rxa5 {[%emt 0:00:57]} 38. Rc8+ {[%emt 0:01:07]} Kh7 {[%emt 0:00:05]} 39. Rc7 {[%emt 0:00:18]} Kg6 {[%emt 0:01:54]} 40. h4 {[%emt 0:01:18]} h5 {[%emt 0:02:20]} 41. g4 {[%emt 0:00:33]} hxg4 {[%emt 0:00:15]} 42. Bxg4 {[%emt 0:00:07]} Ra4 {[%emt 0:00:34]} 43. f3 {[%emt 0:01:41]} Rc4 {[%emt 0:00:39]} 44. h5+ {[%emt 0:00:55]} Kf6 {[%emt 0:00:04]} 45. Rd7 {[%emt 0:00:23]} a5 {[%emt 0:00:21]} 46. Kd2 {[%emt 0:00:51]} a4 {[%emt 0:00:26]} 47. Kd3 {[%emt 0:00:14]} a3 {[%emt 0:00:34]} 48. Rd8 {[%emt 0:01:23]} Ra4 {[%emt 0:01:11]} 0-1

[Event "Fagernes International 2022"]
[Site "Fagernes"]
[Date "2022.04.11"]
[Round "2.17"]
[White "Nebell, Anne Grete"]
[Black "Stromsodd, Jonas W"]
[Result "1/2-1/2"]
[WhiteElo "1287"]
[BlackElo "1588"]
[Annotator "NA RC"]
[PlyCount "156"]
[EventDate "2022.04.10"]
[EventCountry "NOR"]
[SourceTitle "playchess.com"]
[Source "ChessBase"]
[SourceQuality "1"]

1. d4 {[%emt 0:00:04]} e6 {[%emt 0:00:10]} 2. c4 {[%emt 0:00:32]} f5 {[%emt 0:00:32]} 3. Nc3 {[%emt 0:01:35]} Nf6 {[%emt 0:00:38]} 4. Nf3 {[%emt 0:00:36]} Bb4 {[%emt 0:00:31]} 5. Bg5 {[%emt 0:01:15]} O-O {[%emt 0:00:45]} 6. e3 {[%emt 0:01:05]} Bxc3+ {[%emt 0:00:16]} 7. bxc3 {[%emt 0:00:06]} b6 {[%emt 0:00:08]} 8. Be2 {[%emt 0:01:25]} Bb7 {[%emt 0:00:14]} 9. O-O {[%emt 0:00:35]} d6 {[%emt 0:00:33]} 10. Rb1 {[%emt 0:00:25]} Qe8 {[%emt 0:01:02]} 11. Bxf6 {[%emt 0:01:18]} Rxf6 {[%emt 0:00:18]} 12. Ng5 {[%emt 0:03:32]} e5 {[%emt 0:02:25]} 13. Bh5 {[%emt 0:03:42]} g6 {[%emt 0:03:07]} 14. Be2 {[%emt 0:00:43]} h6 {[%emt 0:00:31]} 15. Nh3 {[%emt 0:00:22]} Nd7 {[%emt 0:01:20]} 16. d5 {[%emt 0:01:06]} Nc5 {[%emt 0:00:38]} 17. f3 {[%emt 0:02:00]} f4 {[%emt 0:03:40]} 18. exf4 {[%emt 0:01:20]} exf4 {[%emt 0:01:08]} 19. Qd2 {[%emt 0:02:59]} Qe3+ {[%emt 0:00:43]} 20. Qxe3 {[%emt 0:00:26]} fxe3 {[%emt 0:00:07]} 21. f4 {[%emt 0:00:36]} Ne4 {[%emt 0:00:56]} 22. Rbc1 {[%emt 0:00:55]} Re8 {[%emt 0:00:52]} 23. g4 {[%emt 0:01:56]} Ba6 {[%emt 0:04:01]} 24. g5 {[%emt 0:01:16]} hxg5 {[%emt 0:00:38]} 25. Nxg5 {[%emt 0:00:39]} Nxg5 {[%emt 0:00:29]} 26. fxg5 {[%emt 0:00:10]} Rxf1+ {[%emt 0:00:30]} 27. Rxf1 {[%emt 0:00:21]} Re4 {[%emt 0:00:55]} 28. Rf6 {[%emt 0:02:34]} Kg7 {[%emt 0:00:51]} 29. Re6 {[%emt 0:00:10]} Rxe6 {[%emt 0:02:20]} 30. dxe6 {[%emt 0:00:07]} Kf8 {[%emt 0:00:08]} 31. Bd3 {[%emt 0:00:33]} Ke7 {[%emt 0:01:41]} 32. Kg2 {[%emt 0:01:23]} Kxe6 {[%emt 0:01:33]} 33. Kf3 {[%emt 0:00:09]} Kf7 {[%emt 0:03:34]} 34. Kxe3 {[%emt 0:00:20]} Bb7 {[%emt 0:05:25]} 35. h4 {[%emt 0:04:01]} Bc6 {[%emt 0:01:20]} 36. Be4 {[%emt 0:01:53]} Bd7 {[%emt 0:09:53]} 37. Bd5+ {[%emt 0:01:41]} Kg7 {[%emt 0:01:07]} 38. Bf3 {[%emt 0:01:22]} Bh3 {[%emt 0:04:41]} 39. Bc6 {[%emt 0:01:30]} Bf1 {[%emt 0:00:37]} 40. Kd4 {[%emt 0:00:26]} Be2 {[%emt 0:00:39]} 41. a3 {[%emt 0:00:38]} a5 {[%emt 0:00:34]} 42. Bd5 {[%emt 0:01:23]} Kf8 {[%emt 0:02:30]} 43. Bc6 {[%emt 0:02:48]} Ke7 {[%emt 0:00:46]} 44. Be4 {[%emt 0:00:35]} Bh5 {[%emt 0:01:26]} 45. Bc6 {[%emt 0:00:21]} Ke6 {[%emt 0:02:37]} 46. Be4 {[%emt 0:04:00]} a4 {[%emt 0:27:20]} 47. Bc2 {[%emt 0:09:47]} c5+ {[%emt 0:01:32]} 48. Ke4 {[%emt 0:00:35]} Be2 {[%emt 0:01:06]} 49. Kf4 {[%emt 0:04:30]} Kf7 {[%emt 0:04:12]} 50. Bxa4 {[%emt 0:00:48]} Bxc4 {[%emt 0:00:09]} 51. Bd1 {[%emt 0:00:30]} Bd3 {[%emt 0:00:56]} 52. Bf3 {[%emt 0:03:30]} Bc4 {[%emt 0:08:04]} 53. Bg4 {[%emt 0:03:44]} Ke7 {[%emt 0:10:03]} 54. h5 {[%emt 0:03:11]} gxh5 {[%emt 0:01:15]} 55. Bxh5 {[%emt 0:00:06]} Bd3 {[%emt 0:04:29]} 56. Bg4 {[%emt 0:01:25]} Bh7 {[%emt 0:14:55]} 57. Bf5 {[%emt 0:00:41]} Bg8 {[%emt 0:00:27]} 58. Ke4 {[%emt 0:02:45]} Kd8 {[%emt 0:00:52]} 59. Kf4 {[%emt 0:01:19]} Kc7 {[%emt 0:00:47]} 60. Bg6 {[%emt 0:00:11]} Kc6 {[%emt 0:01:12]} 61. Be8+ {[%emt 0:01:27]} Kd5 {[%emt 0:01:27]} 62. g6 {[%emt 0:00:18]} Ke6 {[%emt 0:00:44]} 63. Ke4 {[%emt 0:00:34]} d5+ {[%emt 0:00:33]} 64. Kf4 {[%emt 0:00:11]} Kf6 {[%emt 0:04:01]} 65. Bf7 {[%emt 0:00:19]} Bxf7 {[%emt 0:00:27]} 66. gxf7 {[%emt 0:00:15]} Kxf7 {[%emt 0:00:05]} 67. Ke5 {[%emt 0:00:06]} d4 {[%emt 0:01:33]} 68. cxd4 {[%emt 0:00:22]} c4 {[%emt 0:00:38]} 69. Ke4 {[%emt 0:00:08]} Ke6 {[%emt 0:00:24]} 70. a4 {[%emt 0:00:54]} Kd6 {[%emt 0:00:19]} 71. d5 {[%emt 0:00:40]} Kc5 {[%emt 0:00:40]} 72. d6 {[%emt 0:00:12]} Kxd6 {[%emt 0:01:07]} 73. Kd4 {[%emt 0:00:11]} c3 {[%emt 0:00:16]} 74. Kxc3 {[%emt 0:00:10]} Kc5 {[%emt 0:00:13]} 75. Kb3 {[%emt 0:03:18]} Kd5 {[%emt 0:02:34]} 76. Kb4 {[%emt 0:00:41]} Kd6 {[%emt 0:00:40]} 77. a5 {[%emt 0:01:49]} bxa5+ {[%emt 0:00:05]} 78. Kxa5 {[%emt 0:00:08]} Ke5 {[%emt 0:00:28]} 1/2-1/2

[Event "Fagernes International 2022"]
[Site "Fagernes"]
[Date "2022.04.11"]
[Round "2.18"]
[White "Langvik, Ulrikke"]
[Black "Skotheim, Havard"]
[Result "1-0"]
[WhiteElo "1579"]
[BlackElo "1340"]
[Annotator "NA RC"]
[PlyCount "49"]
[EventDate "2022.04.10"]
[EventCountry "NOR"]
[SourceTitle "playchess.com"]
[Source "ChessBase"]
[SourceQuality "1"]

1. d4 Nf6 {[%emt 0:00:13]} 2. Nf3 {[%emt 0:00:26]} g6 {[%emt 0:00:19]} 3. Nc3 {[%emt 0:00:16]} Bg7 {[%emt 0:01:05]} 4. e4 {[%emt 0:00:38]} d6 {[%emt 0:00:31]} 5. Be3 {[%emt 0:01:00]} O-O {[%emt 0:02:41]} 6. Qd2 {[%emt 0:00:53]} Nc6 {[%emt 0:01:27]} 7. O-O-O {[%emt 0:09:18]} Re8 {[%emt 0:09:28]} 8. Bh6 {[%emt 0:01:46]} Bh8 {[%emt 0:04:28]} 9. h4 {[%emt 0:07:45]} Bg4 {[%emt 0:01:09]} 10. Bc4 {[%emt 0:13:17]} Nxe4 {[%emt 0:13:21]} 11. Bxf7+ {[%emt 0:28:44]} Kxf7 {[%emt 0:01:23]} 12. Nxe4 {[%emt 0:00:07]} Bxf3 {[%emt 0:02:00]} 13. Ng5+ {[%emt 0:04:50]} Kg8 {[%emt 0:02:13]} 14. Nxf3 {[%emt 0:07:42]} e5 {[%emt 0:04:18]} 15. d5 {[%emt 0:07:06]} Nd4 {[%emt 0:04:22]} 16. Nxd4 {[%emt 0:03:47]} exd4 {[%emt 0:00:12]} 17. h5 {[%emt 0:00:27]} Qf6 {[%emt 0:09:58]} 18. hxg6 {[%emt 0:01:44]} Qxg6 {[%emt 0:00:22]} 19. Rh3 {[%emt 0:02:11]} Re4 {[%emt 0:08:24]} 20. f3 {[%emt 0:02:05]} Re5 {[%emt 0:01:15]} 21. Rh4 {[%emt 0:03:08]} Kf7 {[%emt 0:06:12]} 22. Bf4 {[%emt 0:05:13]} Rxd5 {[%emt 0:03:07]} 23. Rh6 {[%emt 0:01:54]} Qg7 {[%emt 0:06:07]} 24. Rdh1 {[%emt 0:00:27]} Kg8 {[%emt 0:01:26]} 25. Qd3 {[%emt 0:00:38]} 1-0

[Event "Fagernes International 2022"]
[Site "Fagernes"]
[Date "2022.04.11"]
[Round "2.19"]
[White "Holten, Terje"]
[Black "Hellesoy, David"]
[Result "0-1"]
[WhiteElo "1237"]
[BlackElo "1561"]
[Annotator "NA RC"]
[PlyCount "84"]
[EventDate "2022.04.10"]
[EventCountry "NOR"]
[SourceTitle "playchess.com"]
[Source "ChessBase"]
[SourceQuality "1"]

1. d4 {[%emt 0:00:03]} Nf6 {[%emt 0:00:19]} 2. c4 {[%emt 0:00:05]} e6 {[%emt 0:00:19]} 3. Nc3 {[%emt 0:00:05]} c5 {[%emt 0:00:14]} 4. Nf3 {[%emt 0:01:27]} cxd4 {[%emt 0:00:42]} 5. Nxd4 {[%emt 0:00:17]} Nc6 {[%emt 0:01:22]} 6. e3 {[%emt 0:01:18]} Bb4 {[%emt 0:03:13]} 7. Bd2 {[%emt 0:06:54]} O-O {[%emt 0:02:11]} 8. Be2 {[%emt 0:01:55]} d5 {[%emt 0:01:09]} 9. O-O {[%emt 0:00:29]} e5 {[%emt 0:07:48]} 10. Nxc6 {[%emt 0:01:20]} bxc6 {[%emt 0:00:52]} 11. a3 {[%emt 0:02:52]} Bd6 {[%emt 0:06:50]} 12. cxd5 {[%emt 0:04:13]} cxd5 {[%emt 0:00:09]} 13. Rc1 {[%emt 0:01:28]} Bb7 {[%emt 0:04:52]} 14. Nb5 {[%emt 0:05:37]} Bb8 {[%emt 0:00:24]} 15. Bb4 {[%emt 0:05:35]} Re8 {[%emt 0:00:51]} 16. Qd2 {[%emt 0:02:55]} a6 {[%emt 0:03:16]} 17. Ba5 {[%emt 0:02:17]} Ne4 {[%emt 0:07:30]} 18. Qe1 {[%emt 0:03:14]} Qg5 {[%emt 0:02:31]} 19. Nc7 {[%emt 0:01:01]} Bxc7 {[%emt 0:04:03]} 20. Rxc7 {[%emt 0:00:36]} Bc8 {[%emt 0:02:28]} 21. Bf3 {[%emt 0:05:23]} Nf6 {[%emt 0:19:16]} 22. g3 {[%emt 0:14:18]} e4 {[%emt 0:01:05]} 23. Bg2 {[%emt 0:00:11]} Ng4 {[%emt 0:07:17]} 24. f4 {[%emt 0:09:52]} exf3 {[%emt 0:03:38]} 25. Rxf3 {[%emt 0:01:02]} Ne5 {[%emt 0:08:42]} 26. Rf1 {[%emt 0:03:07]} Be6 {[%emt 0:05:08]} 27. Bd2 {[%emt 0:03:26]} Qh5 {[%emt 0:03:00]} 28. h4 {[%emt 0:09:35]} Ng4 {[%emt 0:01:22]} 29. Bf3 {[%emt 0:01:17]} Qe5 {[%emt 0:00:26]} 30. Rc5 {[%emt 0:02:24]} Rac8 {[%emt 0:01:13]} 31. Rxc8 {[%emt 0:00:26]} Bxc8 {[%emt 0:01:19]} 32. Bxg4 {[%emt 0:02:06]} Bxg4 {[%emt 0:00:11]} 33. b4 {[%emt 0:00:55]} h5 {[%emt 0:01:43]} 34. Qc1 {[%emt 0:01:36]} Qxg3+ {[%emt 0:00:21]} 35. Kh1 {[%emt 0:00:11]} Qxh4+ {[%emt 0:01:03]} 36. Kg1 {[%emt 0:00:07]} Qg3+ {[%emt 0:00:08]} 37. Kh1 {[%emt 0:00:07]} Bf3+ {[%emt 0:00:05]} 38. Rxf3 {[%emt 0:00:18]} Qxf3+ {[%emt 0:00:19]} 39. Kg1 {[%emt 0:00:04]} Re6 {[%emt 0:00:29]} 40. Qc8+ {[%emt 0:00:13]} Kh7 {[%emt 0:00:07]} 41. Qc2+ {[%emt 0:00:10]} Rg6+ {[%emt 0:00:06]} 42. Kh2 {[%emt 0:00:06]} Qg2# {[%emt 0:00:07]} 0-1

[Event "Fagernes International 2022"]
[Site "Fagernes"]
[Date "2022.04.11"]
[Round "2.20"]
[White "Young, Anna Ovidia"]
[Black "Johansen, Aleksander"]
[Result "0-1"]
[WhiteElo "1210"]
[BlackElo "1506"]
[Annotator "NA RC"]
[PlyCount "108"]
[EventDate "2022.04.10"]
[EventCountry "NOR"]
[SourceTitle "playchess.com"]
[Source "ChessBase"]
[SourceQuality "1"]

1. e4 {[%emt 0:00:01]} c5 {[%emt 0:00:06]} 2. Nf3 {[%emt 0:00:25]} a6 {[%emt 0:00:05]} 3. Nc3 {[%emt 0:00:43]} Nc6 {[%emt 0:01:45]} 4. Bc4 {[%emt 0:01:16]} e6 {[%emt 0:01:13]} 5. O-O {[%emt 0:00:26]} b5 {[%emt 0:00:20]} 6. Be2 {[%emt 0:00:43]} d5 {[%emt 0:02:51]} 7. exd5 {[%emt 0:01:39]} exd5 {[%emt 0:00:02]} 8. Re1 {[%emt 0:02:55]} Be7 {[%emt 0:00:45]} 9. d3 {[%emt 0:02:04]} Nf6 {[%emt 0:00:31]} 10. Bf4 {[%emt 0:04:37]} O-O {[%emt 0:01:07]} 11. Bf1 {[%emt 0:04:39]} Bg4 {[%emt 0:03:16]} 12. h3 {[%emt 0:04:25]} Bh5 {[%emt 0:02:23]} 13. Bg5 {[%emt 0:06:39]} Bxf3 {[%emt 0:23:00]} 14. Qxf3 {[%emt 0:02:28]} Nd4 {[%emt 0:00:18]} 15. Qd1 {[%emt 0:02:58]} h6 {[%emt 0:03:01]} 16. Bf4 {[%emt 0:05:53]} Ne6 {[%emt 0:06:25]} 17. Bg3 {[%emt 0:05:05]} Bd6 {[%emt 0:01:04]} 18. Bxd6 {[%emt 0:02:10]} Qxd6 {[%emt 0:00:02]} 19. Be2 {[%emt 0:08:40]} Rad8 {[%emt 0:03:47]} 20. Bf3 {[%emt 0:04:40]} Nd4 {[%emt 0:09:27]} 21. Rc1 {[%emt 0:09:19]} Qf4 {[%emt 0:03:02]} 22. Re3 {[%emt 0:02:51]} Nxf3+ {[%emt 0:13:55]} 23. Qxf3 {[%emt 0:01:50]} Qxf3 {[%emt 0:00:52]} 24. Rxf3 {[%emt 0:00:12]} Rfe8 {[%emt 0:03:08]} 25. Kf1 {[%emt 0:00:25]} d4 {[%emt 0:01:50]} 26. Ne2 {[%emt 0:02:24]} Nd5 {[%emt 0:09:55]} 27. Nf4 {[%emt 0:05:42]} a5 {[%emt 0:05:28]} 28. Nxd5 {[%emt 0:00:22]} Rxd5 {[%emt 0:00:04]} 29. Re1 {[%emt 0:00:54]} Rde5 {[%emt 0:01:09]} 30. Rxe5 {[%emt 0:00:15]} Rxe5 {[%emt 0:00:08]} 31. Rf4 {[%emt 0:01:42]} f5 {[%emt 0:02:44]} 32. g4 {[%emt 0:03:24]} g5 {[%emt 0:03:47]} 33. Rxf5 {[%emt 0:00:33]} Rxf5 {[%emt 0:00:04]} 34. gxf5 {[%emt 0:00:11]} Kf7 {[%emt 0:00:29]} 35. Kg2 {[%emt 0:01:22]} Kf6 {[%emt 0:00:26]} 36. Kg3 {[%emt 0:01:23]} Kxf5 {[%emt 0:00:06]} 37. Kf3 {[%emt 0:01:32]} a4 {[%emt 0:01:07]} 38. c3 {[%emt 0:15:16]} dxc3 {[%emt 0:02:31]} 39. bxc3 {[%emt 0:00:08]} b4 {[%emt 0:01:32]} 40. cxb4 {[%emt 0:01:31]} cxb4 {[%emt 0:00:14]} 41. Ke3 {[%emt 0:01:39]} b3 {[%emt 0:00:31]} 42. axb3 {[%emt 0:00:08]} a3 {[%emt 0:00:37]} 43. b4 {[%emt 0:00:21]} a2 {[%emt 0:00:07]} 44. b5 {[%emt 0:00:08]} a1=Q {[%emt 0:00:20]} 45. b6 {[%emt 0:00:14]} Qe5+ {[%emt 0:00:40]} 46. Kf3 {[%emt 0:00:35]} h5 {[%emt 0:00:33]} 47. b7 {[%emt 0:00:28]} g4+ {[%emt 0:00:23]} 48. hxg4+ {[%emt 0:00:13]} hxg4+ {[%emt 0:00:12]} 49. Kg2 {[%emt 0:00:11]} Kf4 {[%emt 0:00:51]} 50. d4 {[%emt 0:00:16]} Qe4+ {[%emt 0:00:40]} 51. f3 {[%emt 0:00:25]} gxf3+ {[%emt 0:00:31]} 52. Kg1 {[%emt 0:00:12]} Qe1+ {[%emt 0:00:57]} 53. Kh2 {[%emt 0:00:16]} Qg3+ {[%emt 0:00:10]} 54. Kh1 {[%emt 0:00:09]} Qg2# {[%emt 0:00:04]} 0-1

[Event "Fagernes International 2022"]
[Site "Fagernes"]
[Date "2022.04.12"]
[Round "3.1"]
[White "Johannessen, Heine N"]
[Black "Galinsky, Misha"]
[Result "1/2-1/2"]
[WhiteElo "1928"]
[BlackElo "1744"]
[Annotator "NA RC"]
[PlyCount "74"]
[EventDate "2022.04.10"]
[EventCountry "NOR"]
[SourceTitle "playchess.com"]
[Source "ChessBase"]
[SourceQuality "1"]

1. d4 {[%emt 0:01:28]} d5 {[%emt 0:00:07]} 2. Nf3 {[%emt 0:00:30]} Nf6 {[%emt 0:00:32]} 3. c4 {[%emt 0:00:45]} c6 {[%emt 0:00:07]} 4. Nc3 {[%emt 0:00:49]} dxc4 {[%emt 0:00:23]} 5. a4 {[%emt 0:00:48]} Bf5 {[%emt 0:00:42]} 6. e3 {[%emt 0:00:17]} e6 {[%emt 0:00:13]} 7. Bxc4 {[%emt 0:00:07]} Bb4 {[%emt 0:00:38]} 8. O-O {[%emt 0:00:44]} O-O {[%emt 0:00:14]} 9. Qe2 {[%emt 0:00:22]} Bg6 {[%emt 0:01:01]} 10. Ne5 {[%emt 0:05:54]} Nbd7 {[%emt 0:00:51]} 11. Nxg6 {[%emt 0:03:45]} hxg6 {[%emt 0:01:14]} 12. Rd1 {[%emt 0:02:47]} Qc7 {[%emt 0:00:25]} 13. e4 {[%emt 0:06:48]} e5 {[%emt 0:00:21]} 14. d5 {[%emt 0:06:55]} Bxc3 {[%emt 0:02:28]} 15. d6 {[%emt 0:03:16]} Qa5 {[%emt 0:02:17]} 16. bxc3 {[%emt 0:01:18]} b5 {[%emt 0:09:28]} 17. Bd3 {[%emt 0:18:35]} Nc5 {[%emt 0:07:00]} 18. Bd2 {[%emt 0:15:03]} bxa4 {[%emt 0:07:40]} 19. f4 {[%emt 0:04:37]} Nb3 {[%emt 0:04:12]} 20. fxe5 {[%emt 0:07:40]} Qxe5 {[%emt 0:03:31]} 21. Rxa4 {[%emt 0:00:38]} Nxd2 {[%emt 0:00:17]} 22. Qxd2 {[%emt 0:03:14]} Qxd6 {[%emt 0:02:09]} 23. Qe3 {[%emt 0:00:05]} Ng4 {[%emt 0:03:00]} 24. Qg3 {[%emt 0:01:43]} Qxg3 {[%emt 0:03:30]} 25. hxg3 {[%emt 0:00:02]} Rfd8 {[%emt 0:01:42]} 26. Be2 {[%emt 0:01:07]} Rxd1+ {[%emt 0:00:30]} 27. Bxd1 Ne5 {[%emt 0:00:17]} 28. Ra6 {[%emt 0:00:22]} Rd8 {[%emt 0:12:08]} 29. Ba4 {[%emt 0:05:01]} Rd3 30. Bxc6 {[%emt 0:01:43]} Rxc3 {[%emt 0:00:48]} 31. Bd5 {[%emt 0:01:38]} Rc7 {[%emt 0:11:31]} 32. Kf2 {[%emt 0:01:19]} Kh7 {[%emt 0:02:35]} 33. Ke3 {[%emt 0:03:37]} f6 {[%emt 0:04:33]} 34. Ra1 {[%emt 0:02:05]} Kh6 {[%emt 0:09:17]} 35. Kf4 {[%emt 0:01:12]} Nd3+ {[%emt 0:00:14]} 36. Kg4 {[%emt 0:01:29]} Ne5+ {[%emt 0:00:06]} 37. Kf4 {[%emt 0:00:04]} Nd3+ {[%emt 0:00:02]} 1/2-1/2

[Event "Fagernes International 2022"]
[Site "Fagernes"]
[Date "2022.04.12"]
[Round "3.2"]
[White "Simonsen, David Mindestrommen"]
[Black "Ostensen, Nicolai Maxime"]
[Result "0-1"]
[WhiteElo "1633"]
[BlackElo "1728"]
[Annotator "NA RC"]
[PlyCount "62"]
[EventDate "2022.04.10"]
[EventCountry "NOR"]
[SourceTitle "playchess.com"]
[Source "ChessBase"]
[SourceQuality "1"]

1. e4 {[%emt 0:00:03]} b6 {[%emt 0:00:47]} 2. Nc3 {[%emt 0:01:06]} Bb7 {[%emt 0:01:03]} 3. d4 e6 {[%emt 0:00:06]} 4. Be3 {[%emt 0:00:40]} Bb4 {[%emt 0:00:29]} 5. Bd3 {[%emt 0:04:38]} c5 {[%emt 0:03:09]} 6. Nf3 {[%emt 0:02:53]} c4 {[%emt 0:05:11]} 7. Bxc4 {[%emt 0:01:13]} Bxe4 {[%emt 0:03:30]} 8. d5 {[%emt 0:03:44]} Bxc3+ {[%emt 0:05:11]} 9. bxc3 {[%emt 0:00:17]} Qc8 {[%emt 0:00:28]} 10. Qd4 {[%emt 0:02:18]} Nf6 {[%emt 0:08:02]} 11. Ng5 {[%emt 0:03:37]} Bxc2 {[%emt 0:08:34]} 12. Bb5 {[%emt 0:06:32]} O-O {[%emt 0:01:56]} 13. Rc1 {[%emt 0:03:59]} Bg6 {[%emt 0:02:03]} 14. h4 {[%emt 0:02:37]} exd5 {[%emt 0:04:20]} 15. f3 {[%emt 0:02:31]} h5 {[%emt 0:01:41]} 16. g4 {[%emt 0:01:34]} Nc6 {[%emt 0:01:27]} 17. Qd2 {[%emt 0:00:59]} Re8 {[%emt 0:01:53]} 18. gxh5 {[%emt 0:02:16]} Nxh5 {[%emt 0:00:28]} 19. Kf2 {[%emt 0:00:12]} Qc7 {[%emt 0:00:53]} 20. Rcg1 {[%emt 0:00:43]} Re7 {[%emt 0:00:36]} 21. Qxd5 {[%emt 0:00:48]} Rae8 {[%emt 0:01:39]} 22. Ne4 {[%emt 0:01:20]} Re5 {[%emt 0:02:23]} 23. Bxc6 {[%emt 0:03:36]} Rxd5 {[%emt 0:02:15]} 24. Bxd5 {[%emt 0:00:09]} Bxe4 {[%emt 0:01:13]} 25. fxe4 {[%emt 0:00:20]} Qxc3 {[%emt 0:01:01]} 26. Rg5 {[%emt 0:01:04]} Nf6 {[%emt 0:01:07]} 27. Rc1 {[%emt 0:02:14]} Qb2+ {[%emt 0:02:26]} 28. Kf3 {[%emt 0:00:24]} Nxd5 {[%emt 0:02:11]} 29. Rxd5 {[%emt 0:00:09]} Qxa2 {[%emt 0:03:38]} 30. Rc7 {[%emt 0:00:51]} Qh2 {[%emt 0:00:55]} 31. Rh5 {[%emt 0:00:56]} Qxc7 {[%emt 0:00:26]} 0-1